Thủ tục, hồ sơ và mẫu đơn tranh chấp di sản thừa kế

Spremljeno u:
Bibliografski detalji
Glavni autor: Nguyễn Ngọc Điệp
Format: Knjiga
Jezik:Undetermined
Izdano: Tp. HCM Nxb. Tp. HCM 1997
Teme:
Oznake: Dodaj oznaku
Bez oznaka, Budi prvi tko označuje ovaj zapis!
Thư viện lưu trữ: Trung tâm Học liệu Trường Đại học Cần Thơ
LEADER 00591nam a2200169Ia 4500
001 CTU_36522
008 210402s9999 xx 000 0 und d
082 |a 346.59705 
082 |b Đ307 
100 |a Nguyễn Ngọc Điệp 
245 0 |a Thủ tục, hồ sơ và mẫu đơn tranh chấp di sản thừa kế 
245 0 |c Nguyễn Ngọc Điệp, Lê Kim Dung 
260 |a Tp. HCM 
260 |b Nxb. Tp. HCM 
260 |c 1997 
650 |a civil law - vietnam,inheritance and succession,right of property 
980 |a Trung tâm Học liệu Trường Đại học Cần Thơ